| 000 | 01311namaa22002651 4500 | ||
|---|---|---|---|
| 001 | 173871 | ||
| 003 | ES-MaACL | ||
| 005 | 20250824074930.0 | ||
| 007 | t| | ||
| 008 | 100127s1860 sp |r |||| | spa d | ||
| 040 |
_aSpMaBN _bspa _cA2 _dSpMaBN _erdc |
||
| 080 | _a78.089.1 | ||
| 100 | 0 |
_aCamprodón, Francisco. _934301 |
|
| 245 | 1 | 3 |
_aEl diablo las carga _b: zarzuela en tres actos / _carreglada a la escena española por D. Francisco Camprodrón ; música del maestro D. Joaquín Gaztambide. |
| 260 |
_aMadrid : _b[s.n.], _c1860 ( _fImp. de José Rodríguez) |
||
| 300 |
_a81, [1] p. ; _c17 cm. |
||
| 490 | 1 | _aEl teatro : colección de obras dramáticas y líricas | |
| 500 | _aDed.: "A mi querida hija, Emilia Camprodón; recuerdo de cariño de su papá, F. Camprodón" | ||
| 500 | _aEn última página, nota de conformidad del censor de teatros, Antonio Ferrer del Río. | ||
| 500 | _aSolo la letra. | ||
| 700 | 0 |
_aGaztambide, Joaquín. _956168 |
|
| 830 | 0 | 3 |
_aEl teatro: colección de obras dramática y líricas _9221753 |
| 852 |
_aES-MaACL _jF-8623(7) _z.- Enc. pasta española _q.- Falto de la cub. original _z.- Enc. en un vol. facticio formando parte de la col. facticia "Teatro español moderno", vol. 78 _z.- Firma ms. de Gustavo Saenz Diez, 1877 |
||
| 999 |
_c173871 _d173871 |
||